000 00644cam a22002292 4500
001 0000004391
005 20151217155210.0
008 070522s xx 000 0 eng d
020 _a8187125942 :
_cKES 495
040 _aKABU
_cKABU
050 0 _aHJ141
_b.J45 2004
100 1 _aJhingan, M. L.
_@0000154929
245 1 0 _aPublic finance and international trade.
250 _a2nd ed.
260 _aDelhi :
_bVrinda,
_c2004.
300 _ax, 370 p.
650 0 _aPublic finance.
_@0000152733
650 0 _aInternational trade.
_@0000149976
908 _a070522
950 _@1
999 _c11931
_d11931